000 00279nam a22001097a 4500
008 170120b xxu||||| |||| 00| 0 eng d
020 _a0838586880
041 _aeng
080 _23RD
_a618.2
245 _aSTRATEGIES FOR THEORY CONSTRUCTION IN NURSING
_cWALKER, L.O
942 _2udc
_cBK
999 _c3300
_d3300